La primera carta a los Corintios
Furkejuvvon:
| Váldodahkki: | |
|---|---|
| Materiálatiipa: | Girji |
| Giella: | espánnjágiella |
| Almmustuhtton: |
Pamplona
Verbo Divino
1991
|
| Ráidu: | Cuadernos Bíblicos, 66
|
| Fáttát: | |
| Fáddágilkorat: |
Lasit fáddágilkoriid
Eai fáddágilkorat, Lasit vuosttaš fáddágilkora!
|
MARC
| LEADER | 00000nam a2200000 a 4500 | ||
|---|---|---|---|
| 001 | UCX4504 | ||
| 003 | CL-VaPUC | ||
| 008 | 920603e19910000SP |||||||||||||||||spa|d | ||
| 082 | 0 | 4 | |a 227.2 |b CAR |2 21 |
| 100 | 0 | |a Carrez, Maurice |e author |9 320679 | |
| 245 | 1 | 3 | |a La primera carta a los Corintios |
| 300 | |a 63 p | ||
| 942 | |c BK | ||
| 945 | |d 19920603 00:00:00 | ||
| 260 | |a Pamplona |b Verbo Divino |c 1991 | ||
| 650 | 0 | |a Biblia |9 257603 | |
| 650 | 7 | |a CRITICA, INTERPRETACION, ETC |2 CL-VaPUC |9 316300 | |
| 583 | |a last modification |c 20170628 11:45:08 |k Rodrigo Vera | ||
| 490 | 0 | |a Cuadernos Bíblicos, 66 | |
| 999 | |c 224943 |d 224941 | ||
| 952 | |0 0 |1 0 |4 0 |6 227_200000000000000_CAR_1991 |7 0 |8 A |9 222044 |a BIBTEO |b BIBTEO |d 2019-11-15 |i 290893K |l 1 |o 227.2 CAR 1991 |p 290893K |r 2025-01-17 |s 2024-05-14 |w 2019-11-15 |y BK |k ICR | ||
| 952 | |0 0 |1 0 |4 0 |6 227_200000000000000_CAR_1991 |7 0 |8 A |9 222045 |a BIBTEO |b BIBTEO |d 2019-11-15 |i 2908948 |l 1 |o 227.2 CAR 1991 |p 2908948 |r 2025-01-17 |s 2024-04-24 |w 2019-11-15 |y BK |k ICR | ||